000 02013cam a22004694i 4500
003 PE-LiUPU
005 20250731183352.0
008 150302s2014 a 000 0 spa d
020 _a6124206064
_q(colección)
020 _a6124206102
020 _a9786124206061
_q(colección)
020 _a9786124206108
035 _a(Sirsi) i9786124206061
040 _aPE-LiUPU
_bspa
_cPE-LiUPU
_erda
049 _aPRUA
082 0 _a724.9
_bM64
_222
100 1 _aMiró Quesada, Luis G.,
_eautor.
245 1 0 _aEspacio en el tiempo /
_cLuis Miró Quesada G.
250 _aEdición facsimilar.
264 1 _aLima :
_bFondo Editorial PUCP,
_c2014.
300 _a256 páginas :
_bilustraciones ;
_c21 centímetros.
336 _text
_2rdacontent
337 _unmediated
_2rdamedia
338 _volume
_2rdacarrier
490 1 _aColección Clásicos peruanos. Arquitectura y pensamiento.
505 8 _aPrólogo Espacio en el tiempo y la construcción de la vanguardia moderna en el Perú. El discurso de Luis Miró Quesada.
526 _aP158
526 _aP146
526 _aP17
526 _aP12
526 _aP06
650 0 _aArquitectura
_zPerú
_xHistoria.
_95302
700 1 _aRodríguez Rivero, Luis,
_eprologuista.
942 _2ddc
_cBOOK
949 _a724.9 M64
_wDEWEY
_c1
_i74133
_lCCODEBUL1
_mBUL
_p37.50
_r0
_sY
_tBOOK
_u2016-8-3
_xINGENIERIA
_PP06
_0COMPRA
_o.STAFF. Colección General
994 _aC0
_bPEPRU
596 _a1
999 _a724.9 M64
_wDEWEY
_c11713
_i74133
_d11713
_e2019-10-29
_f2021-11-10
_g7
_lCCODEBUL1
_mBUL
_n1
_p37.50
_q1
_r0
_sY
_tBOOK
_u2016-8-3
_xINGENIERIA
_PP06
_0COMPRA
_o.STAFF. Colección General
999 _a724.9 M64
_wDEWEY
_c2
_i76328
_d2017-10-23
_e2017-10-19
_f2021-11-10
_g4
_lCCODEBUL1
_mBUL
_n1
_p23.00
_r0
_sY
_tBOOK
_u2017-8-15
_xINGENIERIA
_PP06
_0COMPRA
_o.STAFF. Colección Ingeniería y Arquitectura
980 _81
_gALBERTO SANCHEZ Responsable de Automatización